| 000 | 00645nam a2200217 i 4500 | ||
|---|---|---|---|
| 001 | 41053 | ||
| 003 | ES-MaACL | ||
| 005 | 20230906160350.0 | ||
| 007 | t| | ||
| 008 | 030307s1965 sp ||||1| spa d | ||
| 100 | 1 |
_aCarpenter, René. _935439 |
|
| 245 | 1 | 0 |
_aIniciación a la vida religiosa _b: ; Testigos de la ciudad de Dios / _cRené Carpentier. |
| 250 | _a2ª ed. reformada. | ||
| 260 |
_a[Bilbao] : _bDesclée de Brouwer, _c1965. |
||
| 300 |
_a229 p. ; _c19 cm. |
||
| 490 | 1 | _aSpiritus | |
| 740 | 0 | _aTestigos de la ciudad de Dios. | |
| 830 | 0 |
_aSpiritus _9181888 |
|
| 852 |
_aES-MaACL _jC-28186 _bR.57198 |
||
| 999 |
_c41053 _d41053 |
||